| 000 | 00681nam a2200229 i 4500 | ||
|---|---|---|---|
| 001 | bg | ||
| 245 | 0 | 0 |
_aPodstawy marketingu : _bpraca zbiorowa / _cpod red. Jerzego Altkorna ; aut. Jerzy Altkorn [et al.]. |
| 250 | _aWyd. 3 zm. i poszerz. | ||
| 260 |
_aKraków : _bInstytut Marketingu, _c2000. |
||
| 300 |
_a436 s. : _brys., wykr. ; _c21 cm. |
||
| 504 | _aBibliogr. s. 429-436. | ||
| 650 | 9 | _aMarketing | |
| 655 | _aPodręczniki akademickie | ||
| 700 | 1 |
_aAltkorn, Jerzy _d(1931-2004). _eRed. |
|
| 020 | _a8390069881 | ||
| 040 | _cBPK | ||
| 041 | 0 | _apol | |
| 080 | _a339.138(075.8) | ||
| 920 | _a83-900698-8-1 | ||
| 942 | _cKS | ||
| 008 | s pl f |000 0 pol | ||
| 999 |
_c53500 _d53500 |
||
| 856 |
_uhttp://koha.tu.koszalin.pl/cgi-bin/koha/opac-detail.pl?biblionumber=53500 _yKatalog online BPK |
||